La formation des idées esthétiques de Diderot

Guardado en:
书目详细资料
主要作者: Chouillet, Jacques
格式: 图书
语言:Undetermined
出版: París, Francia Armand Collin 1973
主题:
标签: 添加标签
没有标签, 成为第一个标记此记录!

MARC

LEADER 00000nam a2200000Ia 4500
008 170316s9999 xx 000 0 und d
040 |a cru BVZT 
090 |a C-840 Ch-4f 
100 |a Chouillet, Jacques 
245 |a La formation des idées esthétiques de Diderot 
260 |a París, Francia 
260 |b Armand Collin 
260 |c 1973 
300 |a 642 páginas 
650 |a LITERATURA FRANCESA 
650 |a CRÍTICA 
999 |c 12966  |d 12966 
942 |c 15 D  |h C-840 Ch-4f  |2 z